000
00209nam a22000857a 4500
008
161207b xxu||||| |||| 00| 0 eng d
100
_9
1898
_a
Nosov. N
245
_a
Dunno's Adventure
260
_a
Moscow
_b
Radussa
_c
1986
999
_c
4660
_d
4660